00393nam a2200145Ia 4500003000400000008004100004040001600045082001600061100001900077245005900096260004800155300001000203650001900213650001500232GCL140319s9999 xx 000 0 eng d aGCL / cGCL04a709.38bB O1 aBOARDMAN, JOHN10aTHE OXFORD HISTORY OF CLASSICAL ART / cBOARDMAN, JOHN a[S.N] : bOXFORD UNIVERSITY PRESS ، c1993 a406 P04aART, CLASSICAL04aART, GREEK